Statistics for All winners of Portuguese Cup since 02/03

Click here to take the quiz!

General Stats

  • This quiz has been taken 40 times
  • The average score is 16 of 18

Answer Stats

YearFinalist% Correct
03/04Benfica
100%
16/17Benfica
100%
13/14Benfica
100%
02/03Porto
100%
05/06Porto
100%
19/20Porto
100%
10/11Porto
100%
09/10Porto
100%
08/09Porto
100%
07/08Sporting
100%
18/19Sporting
100%
14/15Sporting
100%
06/07Sporting
100%
20/21Braga
97%
15/16Braga
97%
12/13Vitória
83%
17/18Aves
39%
11/12Académica
31%

Score Distribution

Percentile by Number Answered

Percent of People with Each Score

Your Score History

You have not taken this quiz